Franche-Comté - Culture Générale - Statistiques

Statistiques générales
  • Ce quiz a été pris 227 fois
  • Le résultat moyen est 13 sur 20
Statistiques - réponses
Question Réponse % Correct
Capitale de Franche-Comté Besançon
99%
Fromage comtois souvent présenté comme fromage préféré des Français Comté
91%
Massif montagneux emblématique de la région Jura
90%
Marque automobile originaire de Franche-Comté Peugeot
90%
Préfecture de Haute-Saône chantée par Jacques Brel Vesoul
88%
Ville d'origine d'une saucisse emblématique de la région Morteau
87%
Animal figurant sur le drapeau régional Lion
84%
Rivière comtoise emblématique longue de 453 km Doubs
77%
Avec près de 50 000 habitants, deuxième ville la plus peuplée de Franche-Comté Belfort
76%
Industrie traditionnelle dont Besançon est la capitale française Horlogerie
69%
Massif montagneux couvrant le nord de la région Vosges
66%
Jurassien de Lons-le-Saunier créateur de La Marseillaise Rouget de Lisle
59%
Vin jurassien typique reconnaissable à sa couleur Vin jaune
59%
Spécialité fromagère traditionnelle de Franche-Comté chantée par Hubert-Félix Thiéfaine Cancoillotte
57%
Pays auquel appartenait la Franche-Comté avant la conquête française Espagne
51%
Roman de Stendhal dans lequel est écrit "Besançon n'est pas seulement une des plus jolies villes de France, mais elle abonde en gens de cœur et d'esprit" Le Rouge et le Noir
46%
Boisson alcoolisée longtemps interdite en France produite à Pontarlier Absinthe
45%
Évènement viticole célébré tous les ans dans le Jura Percée du Vin Jaune
39%
Personnage légendaire peuplant les rivières comtoises Vouivre
20%
Année de l'annexion de la Franche-Comté par la France 1678
15%
Aucun quiz correspondant
Distribution des résultats
% des personnes avec chaque résultat
Percentile par nombre de réponses
Votre historique - résultats
Vous n’avez pas pris ce quiz